[Event "Quebec op inv."]
[Site "Montreal CAN"]
[Date "2013.07.25"]
[Round "6.25"]
[White "Morin, Yves"]
[Black "Zhou, Qiyu"]
[Result "1-0"]
[WhiteElo "2185"]
[BlackElo "1902"]
[PlyCount "121"]
[GameId "2160767909305343"]
[EventDate "2013.07.21"]
[EventType "swiss"]
[EventRounds "9"]
[EventCountry "CAN"]

1. Nf3 Nf6 2. d3 d5 3. Bg5 e6 4. Nbd2 Be7 5. e4 c5 6. Be2 h6 7. Bh4 O-O 8. O-O Nc6 9. c3 b6 10. Re1 Bb7 11. Bf1 Qd7 12. Qc2 Rad8 13. Rad1 Rfe8 14. a3 Qc8 15. h3 a6 16. Qb1 Qa8 17. Bg3 Rd7 18. e5 Nh7 19. d4 c4 20. Nh2 Bf8 21. f4 Ne7 22. Ndf3 b5 23. Bf2 Bc8 24. g4 Rb7 25. Nh4 g6 26. Bg2 Qb8 27. Qc2 a5 28. Rf1 b4 29. axb4 axb4 30. Be1 Nc6 31. f5 g5 32. fxe6 Bxe6 33. Nf5 bxc3 34. Bxc3 Nb4 35. Qe2 Nd3 36. Rxd3 cxd3 37. Qxd3 Ra7 38. Rf2 Rd8 39. Nf1 Kh8 40. Qe3 Qb5 41. N1g3 Ra1+ 42. Bf1 Qb3 43. Kg2 Ra7 44. Bd3 Bc8 45. Bc2 Qb6 46. Nh5 Re8 47. Nfg3 Ba6 48. Bxh7 Bg7 49. Nxg7 Kxg7 50. Bd3 Bc8 51. Rf6 Re6 52. Rf2 Kg8 53. Nh5 Rae7 54. Qg3 Ba6 55. Bxa6 Qxa6 56. Qf3 Qa8 57. Nf6+ Kg7 58. Nxd5 Rd7 59. Ne3 Qb7 60. d5 Ra6 61. e6+ 1-0

[Event "Quebec op inv."]
[Site "Montreal CAN"]
[Date "2013.07.25"]
[Round "6.26"]
[White "Caire, Francois"]
[Black "Wan, Kevin"]
[Result "0-1"]
[WhiteElo "2178"]
[BlackElo "2006"]
[PlyCount "78"]
[GameId "2160767909305344"]
[EventDate "2013.07.21"]
[EventType "swiss"]
[EventRounds "9"]
[EventCountry "CAN"]

1. d4 d5 2. c4 e6 3. Nc3 Nf6 4. Bg5 Be7 5. Nf3 c6 6. e3 Nbd7 7. Qc2 h6 8. Bh4 O-O 9. Rd1 a6 10. a3 b5 11. c5 Ng4 12. Bg3 f5 13. Bd3 Ngf6 14. Ne5 Nxe5 15. Bxe5 Ne4 16. Ne2 Bd7 17. f3 Nf6 18. O-O Be8 19. e4 fxe4 20. fxe4 Bh5 21. Rde1 Bxe2 22. Qxe2 Ra7 23. exd5 exd5 24. Bc2 Qd7 25. Qd3 Ne4 26. Rxf8+ Kxf8 27. Qf3+ Nf6 28. Bf5 Qd8 29. Qg3 Nh5 30. Qg6 Nf6 31. Kf1 a5 32. g4 b4 33. a4 b3 34. h4 Ne8 35. Qh7 Bxh4 36. Qh8+ Kf7 37. Bxg7 Nxg7 38. Qxh6 Qf6 39. Qxf6+ Bxf6 0-1

[Event "Quebec op inv."]
[Site "Montreal CAN"]
[Date "2013.07.26"]
[Round "7.5"]
[White "Arencibia Rodriguez, Walter"]
[Black "Chirila, Ioan Christian"]
[Result "1-0"]
[WhiteElo "2526"]
[BlackElo "2528"]
[PlyCount "63"]
[GameId "2160767909305345"]
[EventDate "2013.07.21"]
[EventType "swiss"]
[EventRounds "9"]
[EventCountry "CAN"]

1. Nf3 Nf6 2. b3 d6 3. d4 g6 4. Bb2 Bg7 5. g3 O-O 6. Bg2 c5 7. O-O Nc6 8. d5 Na5 9. c4 a6 10. Nbd2 b5 11. e4 Rb8 12. Bc3 Bg4 13. Qc2 e6 14. Rac1 bxc4 15. bxc4 Nd7 16. Rb1 Bxc3 17. Qxc3 Qc7 18. Nh4 g5 19. Nhf3 f6 20. h3 Bh5 21. Nh2 exd5 22. exd5 Bg6 23. Rxb8 Rxb8 24. Ng4 Rf8 25. Ne4 Bxe4 26. Bxe4 Nb7 27. f4 gxf4 28. gxf4 Nd8 29. Kh2 Kh8 30. Rg1 Rf7 31. Bf5 h5 32. Nh6 1-0

[Event "Quebec op inv."]
[Site "Montreal CAN"]
[Date "2013.07.26"]
[Round "7.7"]
[White "Sokolov, Ivan"]
[Black "Cheng, Bindi"]
[Result "1/2-1/2"]
[WhiteElo "2650"]
[BlackElo "2406"]
[PlyCount "74"]
[GameId "2160767909305346"]
[EventDate "2013.07.21"]
[EventType "swiss"]
[EventRounds "9"]
[EventCountry "CAN"]

1. d4 Nf6 2. c4 g6 3. Nc3 d5 4. cxd5 Nxd5 5. Bd2 Bg7 6. e4 Nb6 7. Be3 O-O 8. Bb5 c6 9. Be2 Qd6 10. Nf3 Bg4 11. e5 Qb4 12. O-O Qxb2 13. Qe1 Nd5 14. Nxd5 cxd5 15. h3 Bxf3 16. Bxf3 e6 17. Qb1 Qb6 18. Qxb6 axb6 19. Rfb1 Nd7 20. Be2 Rfc8 21. a4 Bf8 22. Rb3 Be7 23. g4 g5 24. h4 h6 25. Kg2 Rc7 26. Bb5 Kg7 27. hxg5 hxg5 28. Rbb1 Nf8 29. Kf3 Ng6 30. Rc1 Rac8 31. Bd7 Rxc1 32. Rxc1 Rxc1 33. Bxc1 Nf4 34. Be3 Nd3 35. Ke2 Nb4 36. Bc8 Nc2 37. Bxb7 Nxe3 1/2-1/2

[Event "Quebec op inv."]
[Site "Montreal CAN"]
[Date "2013.07.26"]
[Round "7.10"]
[White "Leveille, Francois"]
[Black "Perez Rodriguez, Luis Manuel"]
[Result "0-1"]
[WhiteElo "2279"]
[BlackElo "2427"]
[PlyCount "66"]
[GameId "2160767909305348"]
[EventDate "2013.07.21"]
[EventType "swiss"]
[EventRounds "9"]
[EventCountry "CAN"]

1. d4 d5 2. c4 c6 3. Nf3 Nf6 4. e3 e6 5. b3 Nbd7 6. Bb2 Bd6 7. Bd3 b6 8. O-O Bb7 9. Nbd2 O-O 10. Ne5 c5 11. cxd5 exd5 12. f4 cxd4 13. exd4 Ne4 14. Nxe4 dxe4 15. Bc4 Nf6 16. Qe2 Qe7 17. Rad1 Ba3 18. d5 Rad8 19. Ba1 Nxd5 20. f5 Qh4 21. Ng4 h5 22. Ne5 b5 23. Bxd5 Bxd5 24. Qxb5 Ba8 25. Nd7 e3 26. Rd4 Qg5 27. Qe2 Rfe8 28. h4 Qg3 29. Rfd1 Rc8 30. f6 Rc2 31. fxg7 Rxe2 32. Nf6+ Kxg7 33. Nxh5+ Kh6 0-1

[Event "Quebec op inv."]
[Site "Montreal CAN"]
[Date "2013.07.26"]
[Round "7.14"]
[White "Berube, Antoine"]
[Black "Thavandiran, Shiyam"]
[Result "0-1"]
[WhiteElo "2174"]
[BlackElo "2338"]
[PlyCount "94"]
[GameId "2160767909305351"]
[EventDate "2013.07.21"]
[EventType "swiss"]
[EventRounds "9"]
[EventCountry "CAN"]

1. c4 e5 2. g3 Nf6 3. Bg2 h6 4. Nc3 Bb4 5. e3 Bxc3 6. dxc3 d6 7. Ne2 Nc6 8. e4 Be6 9. b3 Qd7 10. h3 O-O-O 11. Qc2 Nh7 12. Be3 f5 13. O-O-O fxe4 14. Bxe4 Nf6 15. Bg2 Kb8 16. Qb2 Bf5 17. Qa3 Be4 18. Bxe4 Nxe4 19. b4 b6 20. f3 Ng5 21. Bxg5 hxg5 22. Qa4 Rdf8 23. Rd3 Rf7 24. Qb5 Rhf8 25. Qd5 Ne7 26. Qe4 Qc6 27. Qxc6 Nxc6 28. h4 gxh4 29. Rxh4 Rxf3 30. Rxf3 Rxf3 31. Rg4 Rf7 32. Kd2 Kc8 33. Ke3 Kd7 34. Ng1 a5 35. a3 Ne7 36. Nf3 g6 37. Ke2 Rh7 38. c5 Rh1 39. cxb6 cxb6 40. bxa5 bxa5 41. Ra4 Nc6 42. Nh4 d5 43. Nxg6 e4 44. Nf4 Kd6 45. Kf2 Kc5 46. Kg2 Rb1 47. g4 Kb5 0-1

[Event "Quebec op inv."]
[Site "Montreal CAN"]
[Date "2013.07.26"]
[Round "7.16"]
[White "Chandra, Akshat"]
[Black "Calugar, Arthur"]
[Result "0-1"]
[WhiteElo "2312"]
[BlackElo "2282"]
[PlyCount "102"]
[GameId "2160767909305353"]
[EventDate "2013.07.21"]
[EventType "swiss"]
[EventRounds "9"]
[EventCountry "CAN"]

1. e4 c5 2. Nf3 Nc6 3. d4 cxd4 4. Nxd4 Nf6 5. Nc3 d6 6. Bg5 e6 7. Qd2 a6 8. O-O-O Bd7 9. f3 Be7 10. Kb1 Qc7 11. Be3 h5 12. h4 Ne5 13. Bg5 b5 14. a3 Qb6 15. Qe1 Rb8 16. f4 Nc4 17. e5 dxe5 18. fxe5 Ng4 19. Bxe7 Kxe7 20. Nf5+ Kf8 21. Rxd7 exf5 22. Nd5 Qe6 23. Qb4+ Kg8 24. Bxc4 Qxd7 25. Rd1 Qe8 26. Ne7+ Kh7 27. Bd3 g6 28. Re1 Qd7 29. e6 fxe6 30. Nxf5 Nf2 31. Qf4 exf5 32. Qxf2 Rhe8 33. Rf1 Re5 34. g4 hxg4 35. h5 Rbe8 36. hxg6+ Kxg6 37. Qh4 Re4 38. Rh1 Qg7 39. Rg1 Qe7 40. Qf2 Re1+ 41. Ka2 Qe6+ 42. b3 Rxg1 43. Qxg1 Kg5 44. Qc5 g3 45. Qc7 Qe5 46. Qc6 Re6 47. Qa8 Rg6 48. Qd8+ Kh5 49. Qa8 g2 50. Qf3+ Kh6 51. Qh3+ Kg7 0-1

[Event "Quebec op inv."]
[Site "Montreal CAN"]
[Date "2013.07.26"]
[Round "7.20"]
[White "Voskanyan, Vahagn"]
[Black "Sapozhnikov, Roman"]
[Result "1/2-1/2"]
[WhiteElo "2241"]
[BlackElo "2272"]
[PlyCount "108"]
[GameId "2160767909305356"]
[EventDate "2013.07.21"]
[EventType "swiss"]
[EventRounds "9"]
[EventCountry "CAN"]

1. Nf3 Nf6 2. c4 g6 3. Nc3 Bg7 4. g3 O-O 5. Bg2 d6 6. d4 c6 7. O-O Qa5 8. h3 e5 9. dxe5 dxe5 10. Be3 Be6 11. Nd2 Nbd7 12. Qc1 h6 13. a3 Qa6 14. b3 Rab8 15. a4 Nh5 16. Rd1 f5 17. Nf1 f4 18. gxf4 exf4 19. Bd4 f3 20. Bxf3 Nf4 21. Bxg7 Nxh3+ 22. Kh2 Kxg7 23. Ne4 Qa5 24. c5 Nf6 25. Qb2 Ng5 26. Nxg5 hxg5 27. b4 Qc7+ 28. Rd6 Kg8 29. Kg1 Rbe8 30. Rad1 g4 31. Bg2 Nh5 32. e3 a6 33. R1d2 Qf7 34. Qd4 Qf5 35. Qe4 Qf7 36. Qd4 Qf5 37. Qb2 g3 38. fxg3 Qg5 39. Rf2 Nxg3 40. Rxf8+ Rxf8 41. Rxe6 Rxf1+ 42. Bxf1 Ne2+ 43. Kf2 Qg3+ 44. Kxe2 Qh2+ 45. Kf3 Qxb2 46. Rxg6+ Kf8 47. Rg4 Qb1 48. Be2 a5 49. bxa5 Qe1 50. a6 bxa6 51. Bxa6 Qa5 52. Bd3 Qxc5 53. Rd4 Qh5+ 54. Kf2 Qh2+ 1/2-1/2

[Event "Quebec op inv."]
[Site "Montreal CAN"]
[Date "2013.07.26"]
[Round "7.22"]
[White "Wan, Kevin"]
[Black "Hamilton, Robert"]
[Result "1-0"]
[WhiteElo "2006"]
[BlackElo "2251"]
[PlyCount "73"]
[GameId "2160767909305358"]
[EventDate "2013.07.21"]
[EventType "swiss"]
[EventRounds "9"]
[EventCountry "CAN"]

1. e4 c5 2. Nf3 e6 3. c3 d5 4. exd5 exd5 5. d4 Nc6 6. Be3 cxd4 7. Nxd4 Nf6 8. Be2 Be7 9. Nd2 O-O 10. O-O Re8 11. N2f3 Ng4 12. Bf4 a6 13. Nxc6 bxc6 14. Nd4 Nf6 15. Nxc6 Qb6 16. Nxe7+ Rxe7 17. b3 Bb7 18. Bg5 Rd7 19. Bxf6 Qxf6 20. Qd4 Qxd4 21. cxd4 Rc7 22. Rfc1 Rac8 23. Rxc7 Rxc7 24. Bd3 Rc3 25. Rd1 a5 26. Kf1 Kf8 27. Ke2 Rc8 28. Kd2 Ke7 29. Rc1 g6 30. Rxc8 Bxc8 31. Kc3 Kd6 32. b4 axb4+ 33. Kxb4 Kc6 34. a4 Be6 35. Bb5+ Kb6 36. a5+ Kc7 37. Kc5 1-0

[Event "Quebec op inv."]
[Site "Montreal CAN"]
[Date "2013.07.26"]
[Round "7.23"]
[White "Morin, Yves"]
[Black "Tomb, Maroun"]
[Result "1/2-1/2"]
[WhiteElo "2185"]
[BlackElo "2133"]
[PlyCount "84"]
[GameId "2160767909305359"]
[EventDate "2013.07.21"]
[EventType "swiss"]
[EventRounds "9"]
[EventCountry "CAN"]

1. Nf3 c5 2. e4 Nc6 3. d3 g6 4. Be2 Bg7 5. O-O e6 6. Re1 Nge7 7. Nbd2 O-O 8. c3 d5 9. Qc2 b5 10. a3 a5 11. exd5 exd5 12. Nb3 Qb6 13. d4 Bf5 14. Qd1 c4 15. Nc5 Rae8 16. h3 Bc8 17. Bf4 h6 18. Qd2 g5 19. Bh2 Ng6 20. b4 a4 21. Bf1 Qd8 22. Re3 Rxe3 23. fxe3 f5 24. Kh1 Qe7 25. Re1 Rd8 26. Be2 Bf6 27. Bd1 Kg7 28. Bc2 h5 29. Ng1 Re8 30. Qf2 Rf8 31. Qf3 Qf7 32. Qxh5 Rh8 33. Qf3 Nce7 34. Qf1 g4 35. Bf4 Nxf4 36. exf4 Bh4 37. Re3 Ng6 38. g3 Bd8 39. Qe2 Kf6 40. Kg2 Bc7 41. Qf2 Qh7 42. Bd1 Qh6 1/2-1/2

[Event "Quebec op inv."]
[Site "Montreal CAN"]
[Date "2013.07.26"]
[Round "7.24"]
[White "Ibrahim, Anthony"]
[Black "Cao, Jason"]
[Result "0-1"]
[WhiteElo "2161"]
[BlackElo "2060"]
[PlyCount "56"]
[GameId "2160767909305360"]
[EventDate "2013.07.21"]
[EventType "swiss"]
[EventRounds "9"]
[EventCountry "CAN"]

1. d4 Nf6 2. c4 e6 3. Nf3 b6 4. g3 Ba6 5. b3 d5 6. Bg2 Bb4+ 7. Bd2 Be7 8. Bc3 O-O 9. Ne5 Bb7 10. O-O c5 11. e3 Nc6 12. f4 Rc8 13. Nd2 cxd4 14. exd4 dxc4 15. bxc4 Ba8 16. Nb3 Nxe5 17. dxe5 Ne4 18. Bb2 Rxc4 19. Qe2 Qc8 20. Rac1 Rxc1 21. Rxc1 Nc5 22. Nd4 Rd8 23. f5 Bxg2 24. Qxg2 Bg5 25. Re1 Nd3 26. Rd1 Be3+ 27. Kf1 Nxb2 28. Qxb2 Qc4+ 0-1

[Event "Quebec op inv."]
[Site "Montreal CAN"]
[Date "2013.07.26"]
[Round "7.25"]
[White "Masse, Hugues"]
[Black "Lo, Ryan"]
[Result "1-0"]
[WhiteElo "2187"]
[BlackElo "2068"]
[PlyCount "61"]
[GameId "2160767909305361"]
[EventDate "2013.07.21"]
[EventType "swiss"]
[EventRounds "9"]
[EventCountry "CAN"]

1. b3 d5 2. Nf3 Nf6 3. Bb2 g6 4. e3 Bg7 5. c4 c6 6. Be2 O-O 7. O-O Bg4 8. d3 Nbd7 9. Nbd2 Re8 10. h3 Bxf3 11. Nxf3 e5 12. cxd5 cxd5 13. Rc1 e4 14. dxe4 dxe4 15. Nd4 a6 16. Qc2 Rc8 17. Qb1 Qe7 18. Rxc8 Rxc8 19. Rc1 Rxc1+ 20. Qxc1 Qc5 21. Qd2 Nd5 22. Bf1 Ne5 23. Ne2 b5 24. Bd4 Qb4 25. Qc2 Nd3 26. Bxg7 Kxg7 27. Ng3 Nc5 28. Qd1 Nc3 29. Qd2 a5 30. a3 Nxb3 31. Qb2 1-0

[Event "Quebec op inv."]
[Site "Montreal CAN"]
[Date "2013.07.26"]
[Round "7.26"]
[White "Villavieja, Butch"]
[Black "Caire, Francois"]
[Result "1-0"]
[WhiteElo "2211"]
[BlackElo "2178"]
[PlyCount "73"]
[GameId "2160767909305362"]
[EventDate "2013.07.21"]
[EventType "swiss"]
[EventRounds "9"]
[EventCountry "CAN"]

1. e4 c5 2. Nf3 Nc6 3. d4 cxd4 4. Nxd4 Nf6 5. Nc3 e5 6. Ndb5 d6 7. Bg5 a6 8. Na3 b5 9. Nd5 Be7 10. Bxf6 Bxf6 11. c3 O-O 12. Nc2 Rb8 13. Nce3 Bg5 14. Bd3 Be6 15. Bc2 a5 16. O-O Bxe3 17. Nxe3 b4 18. Bb3 bxc3 19. bxc3 Qd7 20. Ba4 Qc7 21. Qd2 Rfd8 22. Rab1 Rxb1 23. Rxb1 Re8 24. Rd1 Rd8 25. h3 h6 26. Bb3 Ne7 27. Qd3 Bxb3 28. axb3 Rc8 29. c4 Rd8 30. Kh2 Qc5 31. Rd2 Qb4 32. g3 Rb8 33. Qxd6 Qxd6 34. Rxd6 Rxb3 35. Ra6 Ra3 36. Nd5 Nxd5 37. exd5 1-0

[Event "Quebec op inv."]
[Site "Montreal CAN"]
[Date "2013.07.27"]
[Round "8.9"]
[White "Shetty, Atulya"]
[Black "Sambuev, Bator"]
[Result "0-1"]
[WhiteElo "2314"]
[BlackElo "2530"]
[PlyCount "46"]
[GameId "2160767909305366"]
[EventDate "2013.07.21"]
[EventType "swiss"]
[EventRounds "9"]
[EventCountry "CAN"]

1. c4 Nf6 2. g3 g6 3. Bg2 Bg7 4. Nc3 O-O 5. e4 c5 6. a3 Nc6 7. Rb1 d6 8. Nge2 Nh5 9. O-O f5 10. d3 e5 11. Nd5 f4 12. gxf4 Qh4 13. fxe5 Bg4 14. Qe1 Bxe2 15. Qxe2 Nd4 16. Qe3 Nf3+ 17. Bxf3 Bxe5 18. Rd1 Qxh2+ 19. Kf1 Bd4 20. Ne7+ Kf7 21. Nf5 Bxe3 22. Nxe3 Kg8 23. Bg2 Nf4 0-1

[Event "Quebec op inv."]
[Site "Montreal CAN"]
[Date "2013.07.27"]
[Round "8.11"]
[White "Calugar, Arthur"]
[Black "Oliva Castaneda, Kevel"]
[Result "0-1"]
[WhiteElo "2282"]
[BlackElo "2423"]
[PlyCount "90"]
[GameId "2160767909305367"]
[EventDate "2013.07.21"]
[EventType "swiss"]
[EventRounds "9"]
[EventCountry "CAN"]

1. e4 c5 2. Nf3 d6 3. d4 cxd4 4. Nxd4 Nf6 5. Nc3 g6 6. Be3 Bg7 7. f3 Nc6 8. Qd2 O-O 9. Bc4 Bd7 10. O-O-O Rc8 11. Bb3 Ne5 12. Kb1 Nc4 13. Bxc4 Rxc4 14. g4 b5 15. h4 b4 16. Nce2 Qc7 17. h5 Rc8 18. hxg6 fxg6 19. Ng3 e5 20. Nb3 Bf8 21. Na1 Be6 22. Bg5 Qf7 23. Qh2 R4c7 24. Nb3 Rxc2 25. Rd2 R2c7 26. Rd3 a5 27. Rc1 Bc4 28. Rdd1 a4 29. Na5 Bxa2+ 30. Ka1 Bb3 31. Rh1 Rxc1+ 32. Rxc1 Rxc1+ 33. Bxc1 Qc7 34. Bg5 Nd7 35. Nxb3 axb3 36. Kb1 Qa7 37. Qe2 Qa2+ 38. Kc1 Qa1+ 39. Kd2 Qxb2+ 40. Kd1 Qd4+ 41. Kc1 Qa1+ 42. Kd2 Qc3+ 43. Kd1 b2 44. Qc2 Qxf3+ 45. Ne2 Qf1+ 0-1

[Event "Quebec op inv."]
[Site "Montreal CAN"]
[Date "2013.07.27"]
[Round "8.15"]
[White "Rodriguez, Eric"]
[Black "Kleinman, Michael"]
[Result "1/2-1/2"]
[WhiteElo "2290"]
[BlackElo "2298"]
[PlyCount "81"]
[GameId "2160767909305370"]
[EventDate "2013.07.21"]
[EventType "swiss"]
[EventRounds "9"]
[EventCountry "CAN"]

1. e4 c5 2. Nf3 d6 3. d4 cxd4 4. Qxd4 Nf6 5. e5 Nc6 6. Bb5 Qa5+ 7. Nc3 Qxb5 8. Nxb5 Nxd4 9. Nfxd4 dxe5 10. Nf3 Nd5 11. c4 a6 12. cxd5 axb5 13. Nxe5 e6 14. O-O exd5 15. Nf3 Bc5 16. Be3 Bxe3 17. fxe3 Ke7 18. a3 Bd7 19. Rad1 Bc6 20. Nd4 Rhe8 21. Rc1 Ra4 22. Rfd1 b4 23. axb4 Rxb4 24. b3 Bd7 25. Ra1 Rc8 26. Ra5 Be6 27. Kf2 g5 28. g3 h6 29. Rda1 Kf6 30. Ra8 Rxa8 31. Rxa8 Rb6 32. Rh8 Kg7 33. Rb8 Kf6 34. Rh8 Kg7 35. Rb8 Bg4 36. h4 Rf6+ 37. Kg2 b6 38. hxg5 hxg5 39. Rd8 Bf5 40. Nxf5+ Rxf5 41. Rd6 1/2-1/2

[Event "Quebec op inv."]
[Site "Montreal CAN"]
[Date "2013.07.27"]
[Round "8.17"]
[White "Wan, Kevin"]
[Black "Jiang, Louie"]
[Result "0-1"]
[WhiteElo "2006"]
[BlackElo "2324"]
[PlyCount "136"]
[GameId "2160767909305372"]
[EventDate "2013.07.21"]
[EventType "swiss"]
[EventRounds "9"]
[EventCountry "CAN"]

1. e4 c5 2. Nf3 e6 3. c3 b6 4. d4 Bb7 5. Bd3 d6 6. Bf4 Ne7 7. Nbd2 Qc7 8. Qe2 Nd7 9. O-O Ng6 10. Bg3 Be7 11. Rfe1 O-O 12. h4 Rfd8 13. d5 e5 14. c4 Nf6 15. Nh2 h5 16. Ndf1 Bc8 17. Ne3 Nf4 18. Qd2 Ng6 19. Nf5 Nh7 20. Qe2 Nf6 21. Nf1 Bf8 22. Qd2 Nh7 23. Qe2 Nf4 24. Bxf4 exf4 25. Qxh5 g6 26. Qg4 Kh8 27. Qxf4 gxf5 28. exf5 Bg7 29. Re3 Be5 30. Qh6 f6 31. g3 Qg7 32. Qxg7+ Kxg7 33. Rae1 Bd7 34. b3 a6 35. Kg2 Re8 36. f4 Bd4 37. Re7+ Kg8 38. R1e4 Rxe7 39. Rxe7 Be8 40. Nd2 b5 41. Ne4 b4 42. Nxd6 Bh5 43. Be2 Bxe2 44. Rxe2 a5 45. Re8+ Rxe8 46. Nxe8 Nf8 47. Nd6 Nd7 48. Kf3 Nb6 49. Ke2 a4 50. Kd3 a3 51. Ne4 Kg7 52. g4 Nd7 53. g5 Bb2 54. Ng3 Nb6 55. d6 fxg5 56. hxg5 Kf7 57. Ne4 Bd4 58. g6+ Kg7 59. Ng5 Kf6 60. Ke4 Nxc4 61. Nh7+ Kg7 62. bxc4 b3 63. axb3 a2 64. d7 a1=Q 65. d8=Q Qh1+ 66. Kd3 Qf3+ 67. Kd2 Qe3+ 68. Kd1 Qd3+ 0-1

[Event "Quebec op inv."]
[Site "Montreal CAN"]
[Date "2013.07.27"]
[Round "8.18"]
[White "Song, Michael"]
[Black "Chandra, Akshat"]
[Result "1-0"]
[WhiteElo "2242"]
[BlackElo "2312"]
[PlyCount "123"]
[GameId "2160767909305373"]
[EventDate "2013.07.21"]
[EventType "swiss"]
[EventRounds "9"]
[EventCountry "CAN"]

1. d4 Nf6 2. c4 g6 3. Nc3 d5 4. Nf3 Bg7 5. Qb3 dxc4 6. Qxc4 O-O 7. e4 a6 8. Be2 b5 9. Qb3 Nc6 10. e5 Nd7 11. Bf4 Na5 12. Qa3 c5 13. dxc5 Bb7 14. Rd1 Nc6 15. Nd5 Qc8 16. O-O e6 17. Nb6 Nxb6 18. cxb6 Re8 19. Bg3 Bf8 20. Qe3 Ne7 21. Ng5 Nf5 22. Qd3 Qc6 23. Bf3 Qxb6 24. Bxb7 Qxb7 25. Ne4 Be7 26. Bf4 h5 27. Bg5 Bxg5 28. Nxg5 Qc7 29. Qe4 Rad8 30. h3 Qe7 31. Nf3 Rc8 32. Rc1 Qd7 33. Rcd1 Qa7 34. Qf4 Rc4 35. Qg5 Qe7 36. Qxe7 Rxe7 37. Rd8+ Kg7 38. Ra8 Ra4 39. Rc1 Rd7 40. Rcc8 Ne7 41. Re8 g5 42. Nxg5 Kg6 43. b3 Rxa2 44. h4 Nc6 45. Nxe6 Rd1+ 46. Kh2 Nxe5 47. Nf4+ Kf5 48. Kg3 Nd3 49. Nd5 Rdd2 50. Nc3 Rab2 51. Ne4 Rdc2 52. Rxa6 Ne5 53. Nd6+ Kf6 54. Nc4+ Kg7 55. Nxb2 Ng6 56. Nd3 Rc3 57. Re3 Rxb3 58. Nf4 Rb4 59. Nxg6 fxg6 60. Re7+ Kh6 61. Raa7 Rg4+ 62. Kh3 1-0

[Event "Quebec op inv."]
[Site "Montreal CAN"]
[Date "2013.07.27"]
[Round "8.21"]
[White "Sapozhnikov, Roman"]
[Black "Cao, Jason"]
[Result "1/2-1/2"]
[WhiteElo "2272"]
[BlackElo "2060"]
[PlyCount "112"]
[GameId "2160767909305375"]
[EventDate "2013.07.21"]
[EventType "swiss"]
[EventRounds "9"]
[EventCountry "CAN"]

1. e4 c5 2. Nf3 d6 3. d4 cxd4 4. Qxd4 Nc6 5. Bb5 Bd7 6. Qd3 Nf6 7. c4 g6 8. O-O Bg7 9. Nc3 O-O 10. h3 a6 11. Bxc6 Bxc6 12. Re1 Rc8 13. Bg5 Qa5 14. Rab1 b5 15. b4 bxc4 16. Qxc4 Qb6 17. Qd3 h6 18. Bf4 Rfd8 19. Qe2 Ba8 20. Bd2 Qb7 21. b5 axb5 22. Qxb5 Qxb5 23. Rxb5 Rc4 24. Nd5 Nxe4 25. Nb6 Nxd2 26. Nxc4 Nxc4 27. Rxe7 Bxf3 28. gxf3 d5 29. Rbb7 Rf8 30. Red7 d4 31. f4 g5 32. fxg5 hxg5 33. Kg2 Bf6 34. a4 Be5 35. Rd5 Bf6 36. a5 Ra8 37. Rdd7 Rxa5 38. Rbc7 Ne5 39. Rxd4 Ra3 40. Re4 Ng6 41. Re3 Nh4+ 42. Kf1 Ra1+ 43. Ke2 Ra2+ 44. Kf1 Bd4 45. Re2 Ra1+ 46. Re1 Rxe1+ 47. Kxe1 Ng2+ 48. Kf1 Nf4 49. Rc4 Be5 50. Re4 f6 51. Re3 Kg7 52. Kg1 Kg6 53. Ra3 Kh5 54. Kh2 Kh4 55. Ra4 Bc3 56. Re4 Be5 1/2-1/2

[Event "Quebec op inv."]
[Site "Montreal CAN"]
[Date "2013.07.27"]
[Round "8.22"]
[White "Villavieja, Butch"]
[Black "Morin, Yves"]
[Result "0-1"]
[WhiteElo "2211"]
[BlackElo "2185"]
[PlyCount "197"]
[GameId "2160767909305376"]
[EventDate "2013.07.21"]
[EventType "swiss"]
[EventRounds "9"]
[EventCountry "CAN"]

1. d4 d6 2. e4 Nf6 3. Nc3 e5 4. Nf3 Nbd7 5. Bc4 Be7 6. O-O O-O 7. h3 c6 8. a4 a5 9. Re1 Qc7 10. Bb3 exd4 11. Nxd4 Nc5 12. Ba2 Be6 13. Nxe6 fxe6 14. Bf4 Nfd7 15. Bg3 Kh8 16. Qd2 e5 17. Bc4 Nf6 18. Qe2 Rae8 19. Rad1 Qb6 20. b3 Qb4 21. Qe3 Nh5 22. Be2 Nxg3 23. fxg3 Ne6 24. Kh2 Qc5 25. Qxc5 Nxc5 26. Rf1 g6 27. Rf3 Kg7 28. Rdf1 Rf6 29. h4 Ref8 30. Kh3 Ne6 31. Rxf6 Bxf6 32. Nd1 Nc5 33. Bd3 Nxd3 34. cxd3 Bd8 35. Rxf8 Kxf8 36. Nc3 Bb6 37. Kg4 Kg7 38. Kf3 Kf6 39. g4 Ke6 40. Nb1 Bc5 41. Nc3 Bd4 42. Ne2 Bb2 43. Ke3 d5 44. Kd2 Bd4 45. Ke1 Kd6 46. Kd2 Kc5 47. Kc2 Bf2 48. h5 Bd4 49. Kd2 Bf2 50. Kc2 dxe4 51. dxe4 Be3 52. Kd3 Bf2 53. Kc3 b5 54. axb5 cxb5 55. Kc2 Bd4 56. Nc1 Be3 57. Ne2 Bd4 58. Nc1 Kd6 59. hxg6 hxg6 60. Kd3 Kc5 61. Kc2 Kb4 62. Ne2 a4 63. bxa4 bxa4 64. Nc1 Kc4 65. Ne2 a3 66. Nc1 Ba1 67. Ne2 Bb2 68. g3 Bd4 69. Nc1 Ba1 70. Ne2 Bb2 71. g5 Bd4 72. Nc1 Ba1 73. Ne2 Bb2 74. g4 Bd4 75. Nc1 Ba1 76. Ne2 Bb2 77. Ng3 Kd4 78. Kb3 Ke3 79. Nf5+ Kf4 80. Ne7 Kxg5 81. Ka2 Kf6 82. Nd5+ Kg5 83. Ne7 Kf4 84. Nxg6+ Kxe4 85. Nf8 Kf4 86. Ng6+ Ke4 87. Nf8 Kf3 88. Ne6 e4 89. Nc5 e3 90. g5 e2 91. Nd3 Ke4 92. Ne1 Kf5 93. Nf3 Kg6 94. Kb3 Bc1 95. Ka2 Kh5 96. Kb3 Bb2 97. Kc2 Kg4 98. Ne1 Kxg5 99. Kd2 0-1

[Event "Quebec op inv."]
[Site "Montreal CAN"]
[Date "2013.07.27"]
[Round "8.23"]
[White "Tomb, Maroun"]
[Black "Masse, Hugues"]
[Result "1/2-1/2"]
[WhiteElo "2133"]
[BlackElo "2187"]
[PlyCount "76"]
[GameId "2160767909305377"]
[EventDate "2013.07.21"]
[EventType "swiss"]
[EventRounds "9"]
[EventCountry "CAN"]

1. a3 Nf6 2. Nf3 g6 3. b4 Bg7 4. Bb2 O-O 5. e3 d6 6. Bc4 e5 7. Bb3 e4 8. Nd4 Bg4 9. f3 exf3 10. Nxf3 Qe7 11. O-O Nbd7 12. h3 Bxf3 13. Qxf3 c6 14. c4 Ne5 15. Qe2 Ne4 16. d4 Ng3 17. Qf2 Nxf1 18. dxe5 Bxe5 19. Kxf1 Bxb2 20. Qxb2 Qxe3 21. Nd2 Rae8 22. Nf3 Qd3+ 23. Kf2 Re3 24. Bd1 Rfe8 25. Qc1 R3e4 26. Qd2 Qxc4 27. Qxd6 Qc3 28. Ra2 Qe3+ 29. Kg3 R8e5 30. Rd2 Kg7 31. Rd3 Qf4+ 32. Kf2 Qf5 33. Rd2 Qf4 34. Rd3 Re7 35. Qxf4 Rxf4 36. g3 Rfe4 37. Nd2 R4e6 38. Bf3 f5 1/2-1/2

[Event "Quebec op inv."]
[Site "Montreal CAN"]
[Date "2013.07.27"]
[Round "8.25"]
[White "Zhou, Qiyu"]
[Black "Lo, Ryan"]
[Result "1/2-1/2"]
[WhiteElo "1902"]
[BlackElo "2068"]
[PlyCount "85"]
[GameId "2160767909305379"]
[EventDate "2013.07.21"]
[EventType "swiss"]
[EventRounds "9"]
[EventCountry "CAN"]

1. e4 c5 2. Nc3 e6 3. f4 Nc6 4. Nf3 Nf6 5. g3 d5 6. d3 dxe4 7. Nxe4 Nxe4 8. dxe4 Qxd1+ 9. Kxd1 b6 10. Bg2 Bb7 11. Bd2 Be7 12. Ne5 Bf6 13. Bc3 O-O-O+ 14. Ke2 Bxe5 15. Bxe5 Nxe5 16. fxe5 Rd4 17. Rhd1 Rhd8 18. Rxd4 Rxd4 19. Rd1 Ba6+ 20. Ke1 Kd7 21. Rxd4+ cxd4 22. Kd2 f6 23. exf6 gxf6 24. c3 e5 25. Bh3+ Kd6 26. Bf5 h6 27. b3 Kc5 28. a3 Bb5 29. Bg4 a5 30. Bd1 Bc6 31. Bc2 b5 32. Kd3 dxc3 33. Kxc3 b4+ 34. axb4+ axb4+ 35. Kd3 Bd7 36. Ke3 Bg4 37. Bd3 Be6 38. Bc2 Bg4 39. Bd3 Bd1 40. Bc4 Bc2 41. g4 Bd1 42. h3 Bc2 43. Bd5 1/2-1/2